| 000 | 00478nam a22001457a 4500 | ||
|---|---|---|---|
| 082 | _aP-731 | ||
| 100 |
_aMalik, Maj Muhammad Kamran malik _951010 |
||
| 245 |
_aTraffic improvement plan using micro simulation and geometric interventions ASE study for nowshera district _cMalik, Maj Muhammad Kamran malik |
||
| 260 |
_aRisalpur, _bMCE, _c2016. |
||
| 300 |
_a42p. _bill. |
||
| 526 |
_a0 _b0 _c0 _dP_731 |
||
| 526 |
_a0 _b0 _c0 _dP_731 |
||
| 700 | _aLt Col DR Irfan | ||
| 942 |
_2ddc _cBK |
||
| 999 |
_c553744 _d553744 |
||